| 000 | 00562nam a2200241 a 4500 | ||
|---|---|---|---|
| 001 | nice12345678 | ||
| 003 | IN_TiNIC | ||
| 005 | 20260116011542.0 | ||
| 008 | 050524s1920 teha grp 000 0 per | ||
| 020 |
_a _c100 |
||
| 082 | 0 | 0 |
_a297.52 _bABD |
| 100 | _aAbdullah, Tehrani | ||
| 245 | _aMiftahuljinan | ||
| 260 |
_aTehran _bNaderi Press _c1920 |
||
| 300 | _a439p | ||
| 500 | _aincludes index and biblioraphy | ||
| 505 | 2 | _aArabic-Urdu | |
| 650 | _aIslam-Prayers | ||
| 700 | 1 | _aAbdullah, Tehrani | |
| 902 | _bSRS | ||
| 942 | _cBK | ||
| 999 |
_c2562 _d2562 |
||